书目信息 |
| 题名: |
当代中国史论
|
|
| 作者: | 刘建平 著 | |
| 分册: | ||
| 出版信息: | 北京 社会科学文献出版社 2011.10 |
|
| 页数: | 439页 | |
| 开本: | 24cm | |
| 丛书名: | ||
| 单 册: | ||
| 中图分类: | K270.7 | |
| 科图分类: | ||
| 主题词: | 中国历史--现代史--研究 , 中国历史 , 现代史 | |
| 电子资源: | ||
| ISBN: | 978-7-5097-2518-4 | |
| 000 | 01201nam0 2200301 450 | |
| 001 | 010700115695 | |
| 005 | 20120619161056.56 | |
| 010 | @a978-7-5097-2518-4@dCNY69.00 | |
| 049 | @aA210000LPL@bUCS01005086404@c012004570075 | |
| 100 | @a20111203d2011 em y0chiy0110 ea | |
| 101 | 0 | @achi |
| 102 | @aCN@b110000 | |
| 105 | @ay z 000yy | |
| 106 | @ar | |
| 200 | 1 | @a当代中国史论@9dang dai zhong guo shi lun@e实证的知识呈现与思想表达@dOn modern history of China@epresenting positive knowledge and thoughts@f刘建平著@zeng |
| 210 | @a北京@c社会科学文献出版社@d2011.10 | |
| 215 | @a439页@d24cm | |
| 300 | @a中国传媒大学“211工程”三期重点学科建设项目资助 | |
| 330 | @a本书共分三部分,内容包括革命:思想的传播与权力的越境;建国:信念与谋略的政治、外交射程;反思:中国问题的知识确认。 | |
| 510 | 1 | @aOn modern history of China@epresenting positive knowledge and thoughts@zeng |
| 517 | 1 | @a实证的知识呈现与思想表达@9shi zheng de zhi shi cheng xian yu si xiang biao da |
| 606 | 0 | @a中国历史@x现代史@x研究 |
| 606 | 0 | @a中国历史 |
| 606 | 0 | @a现代史 |
| 690 | @aK270.7@v4 | |
| 701 | 0 | @a刘建平@9liu jian ping@c(国际传播)@4著 |
| 801 | 0 | @aCN@bNLC@c20120201 |
| 905 | @b540134-38@dK270.7@e44@f5 | |
| 当代中国史论:实证的知识呈现与思想表达=On modern history of China:presenting positive knowledge and thoughts/刘建平著.-北京:社会科学文献出版社,2011.10 |
| 439页;24cm |
| 中国传媒大学“211工程”三期重点学科建设项目资助 |
| ISBN 978-7-5097-2518-4:CNY69.00 |
| 本书共分三部分,内容包括革命:思想的传播与权力的越境;建国:信念与谋略的政治、外交射程;反思:中国问题的知识确认。 |
| ● |
| 相关链接 |
|
|
|
|
正题名:当代中国史论
索取号:K270.7/44
 
预约/预借
| 序号 | 登录号 | 条形码 | 馆藏地/架位号 | 状态 | 备注 |
| 1 | 540134 | 205401340 | 第二样本阅览室/ [索取号:K270.7/44] | 在馆 | |
| 2 | 540135 | 205401359 | 第二借阅区/ [索取号:K270.7/44] | 在馆 | |
| 3 | 540136 | 205401368 | 第二借阅区/ [索取号:K270.7/44] | 在馆 | |
| 4 | 540137 | 205401377 | 第二借阅区/ [索取号:K270.7/44] | 在馆 | |
| 5 | 540138 | 205401386 | 密集书库-史法系/ [索取号:K270.7/44] | 在馆 |